00871nam a2200253 4500003000400000005001700004008004100021010001300062020001800075035002300093037001800116040001500134082001300149100002600162245012300188260003300311270005000344300002400394650006000418650005100478650005100529700001900580700001800599dpl20180818131811.0180818b xxu||||| |||| 00| 0 eng d aB-228063 a9788178241791 aB-228063, B-228067 bCen Lib / Ret aDPLbENc0 a080bBOS aBose, Subhas Chandra  aChalo Delhi :bwritings and speeches 1943-1945 /cby Subhas Chandra Bose ; edited by Sisir K. Bose [and] Sugata Bose / aDelhibPermanent Blackc2007 a38/2 Lala Lajpat Rai Road bCalcutta e700020 av 12. 450b24cm(Hb) a Bose, Subhas Chandra, -- 1897-1945 -- Correspondence.  aBose, Subhas Chandra, -- 1897-1945 -- Oratory. aIndia -- Politics and government -- 1919-1947. aBose, Sisir K. aBose, Sugata